|
|
|
|
| LEADER |
00000nam a2200000 4500 |
| 001 |
vtls012084677 |
| 003 |
SK-MaSNL |
| 005 |
20260302062104.0 |
| 008 |
220125s1571 xr a f 010 0 cze |
| 015 |
|
|
|a SNBHFA
|
| 040 |
|
|
|a SNKHF
|b slo
|c SNKHF
|e rda
|
| 041 |
0 |
|
|a cze
|
| 044 |
|
|
|a xr
|c CZ
|
| 072 |
|
7 |
|a 2-1
|x Prirodzená teológia. Náboženská filozofia
|2 konspekt
|
| 080 |
|
|
|a 2‑1
|2 2011
|
| 080 |
|
|
|a 2‑21
|2 2011
|
| 080 |
|
|
|a 2‑273
|2 2011
|
| 100 |
0 |
|
|a Tomáš Kempenský,
|d 1379-1471
|4 aut
|9 156980
|
| 245 |
1 |
0 |
|a O dokonalém ná sľedowánij Pána Krysta
|b A o prawém potupenij tohoto bijdného Swěta/ s geho wsemi marnostmi/ Knijhy Patery/ každému Bohohomyslnému Křestianu welmi vžitečné
|c od pobožného Muže Mistra Jana Gersona krátce sepsané
|
| 264 |
|
1 |
|a Wytisstieno w Starém Městě Pražském
|b [Tomáš - farář v Dubném]
|c MDLxj (1571)
|
| 264 |
|
3 |
|a Wytisstieno w Starém Městě Pražském
|b v Giřijka Melantrycha z Awentýnu
|c MDLxj (1571)
|
| 300 |
|
|
|a 5 nečíslovaných listov, CXC listov, 1 nečíslovaný list
|c 8°
|c 17 × 11 cm
|
| 336 |
|
|
|a text
|b txt
|2 rdacontent
|
| 336 |
|
|
|a statický obraz
|b sti
|2 rdacontent
|
| 337 |
|
|
|a bez média
|b n
|2 rdamedia
|
| 338 |
|
|
|a zväzok
|b nc
|2 rdacarrier
|
| 500 |
|
|
|a Ornamentálne iniciálky bez pozadia na 6 riadkov, drevorezová ilustrácia
|
| 504 |
|
|
|a Marginálie, kustody
|
| 508 |
|
|
|a Dedikácia: Tomáš - farář v Dubném; ze Švamberka, Jindřich starší
|
| 510 |
4 |
|
|a Knihopis
|c K16189
|
| 546 |
|
|
|a Čeština
|b Fraktúra
|
| 550 |
|
|
|a Vydavateľ doplnený z Knihopisu
|
| 562 |
|
|
|a Rukopisné poznámky na začiatku a na konci knihy v slovenčine, češtine a latinčine.
|5 SNK ID 87391
|
| 563 |
|
|
|a Väzba: tmavožltákoža s ornamentálnou slepotlačou a nápisom na titule: Gerson.
|5 SNK ID 87391
|
| 650 |
0 |
7 |
|a teológia
|2 SNKPH
|9 1814
|
| 650 |
0 |
7 |
|a kresťanstvo
|2 SNKPH
|9 2024
|
| 650 |
0 |
7 |
|a náboženstvo
|2 SNKPH
|9 2023
|
| 700 |
1 |
|
|a ze Švamberka, Jindřich,
|c starší,
|d 1508-1574
|4 hnr
|9 721670
|
| 700 |
0 |
|
|a Tomáš,
|c farář v Dubném,
|d 16. storočie
|4 pbl
|4 edt
|4 dto
|9 721671
|
| 700 |
1 |
|
|a Melantrich z Aventina, Jiří,
|d 1511-1580
|4 prt
|9 72270
|
| 700 |
1 |
|
|a Gerson, Jean Charlier de,
|d 1363-1429
|4 att
|9 172743
|
| 710 |
0 |
|
|a Melantrich z Aventina, Jiří (Praha, Česko),
|d 1549-1580
|4 prt
|9 145772
|
| 710 |
0 |
|
|a Tomáš - farář v Dubném (Praha, Česko)
|4 pbl
|9 721672
|
| 752 |
|
|
|a Česko
|d Praha
|
| 852 |
|
|
|a snk
|p ID 87391
|
| 958 |
|
|
|a DA
|
| 958 |
|
|
|a ONDV
|
| 999 |
|
|
|c 1127948
|d 1129878
|
| 952 |
|
|
|t Tlače 16. storočia
|a SNK
|b SNK
|c SNK_HF
|y PREZ
|7 0
|p 17A1398374
|o snkID 87391
|i snkK 1302/88
|0 0
|1 0
|4 0
|d 2022-01-25
|f 1
|l 0
|r 2026-02-24 18:52:11
|w 2026-02-24
|